| 000 | 00621nam a22002292 4500 | ||
|---|---|---|---|
| 001 | 0000024895 | ||
| 003 | OSt | ||
| 005 | 20221027093530.0 | ||
| 008 | 140324s xx 000 0 eng d | ||
| 020 | _a1260571459 | ||
| 040 |
_aKABU _cKABU |
||
| 050 |
_aBF713 _b.S26 2021 |
||
| 100 | 1 | _aSantrock, John W. | |
| 245 | 1 | 0 |
_aLife-span development / _cJohn W. Santrock. |
| 250 | _a18th ed. | ||
| 260 |
_aNew York : _bMcGraw-Hill, _c2021. |
||
| 300 | _a1 v. (various pagings) ; | ||
| 650 | 0 | _aDevelopmental psychology. | |
| 908 | _a140324 | ||
| 942 |
_2lcc _cBK |
||
| 999 |
_c19704 _d19703 |
||